000 00784nam a2200205Ia 4500
003 GCL
008 140319s9999 xx 000 0 ara d
040 _aGCL /
_cGCL
082 0 4 _a230.9
_bع ك
100 1 _aابن عساكر: ابومحمد القاسم على بن الحسن بن هبة الله بن الحسين
245 1 0 _aكشف المغطى فى فضل الموطا /
_cابن عساكر: ابومحمد القاسم على بن الحسن بن هبة الله بن الحسين
700 1 _aعلى بن الحسن بن هبة الله الدم
700 1 _aمحمد مطيع الحافظ
260 _a[S.N] :
_bدار الفكر المعاصر
300 _a125 ص
490 _a
650 0 4 _aالحديث
650 0 4 _aجمع وتدوين
942 _2ddc
_cBK
999 _c30476
_d30476